[Event "1st Irena Warakomska Memorial"]
[Site "Suwalki"]
[Date "2017.08.12"]
[Round "2"]
[White "Gleizerov, Evgeny"]
[Black "Stoma, Pawel"]
[Result "1-0"]
[WhiteElo "2519"]
[BlackElo "2348"]
[Annotator "TA"]
[PlyCount "65"]
[EventDate "2017.??.??"]
[EventType "swiss"]
[EventCountry "POL"]
[SourceTitle "playchess.com"]
[Source "ChessBase"]
[SourceQuality "1"]

{[%evp 14,65,23,32,37,37,36,37,50,40,42,42,47,47,39,22,17,9,31,25,67,50,79,79,79,78,86,81,126,122,127,127,126,117,125,116,127,123,127,130,151,152,197,191,195,188,177,108,202,206,962,649,2085,2000]} 1. d4 d5 2. c4 c6 3. Nf3 Nf6 4. Nc3 a6 5. Ne5 g6 (5... Nbd7 6. Bf4 dxc4 7. Nxc4 b5 8. Ne5 Bb7 9. e3 e6 10. Be2 Be7 11. O-O O-O 12. Bf3 Nd5 13. Bg3 Rc8 14. a4 Nxe5 15. Bxe5 {½-½ (39) Li,C (2751)-Movsesian,S (2653) Huaian 2016}) 6. Bf4 {D15: Slav Defence: 4 Nc3 a6 and gambit lines after 4 Nc3 dxc4} Bg7 7. e3 O-O 8. Be2 {LiveBook: 3 Games. White has an edge.} Nbd7 9. O-O Nxe5 10. Bxe5 dxc4 $146 ({Predecessor:} 10... Be6 11. cxd5 Nxd5 12. Bxg7 Nxc3 13. bxc3 Kxg7 {½-½ (21) Mochalov,E (2455)-Chekhov,V (2500) Orel 1995}) 11. Bxc4 Nd5 12. Bxd5 cxd5 13. Qb3 e6 14. Bg3 b5 15. Rfc1 Ra7 16. Ne2 Qb6 17. a4 {[%cal Ba2a4,Ba4a5][%mdl 32]} b4 18. a5 $36 {[%mdl 2048] White is on the roll.} Qb5 19. Nf4 Rd8 20. Nd3 Bf8 21. Bc7 Re8 22. Bb6 Ra8 23. Bc5 Bd7 24. Bxf8 ({Don't go for} 24. Nxb4 $2 Reb8 $19) 24... Rxf8 25. Rc5 Qb7 26. Rac1 Rfb8 27. h4 Ra7 28. Qd1 Bb5 29. Ne5 ({Resist} 29. Nxb4 $6 Qe7 $16) 29... Qe7 30. Qf3 (30. Qg4 $18) 30... Kg7 (30... Qxh4 $16 31. Rc7 Rxc7 32. Rxc7 f5) 31. Qf4 $18 {Threatens to win with Nxg6!} Rbb7 $2 {[#]} (31... Qf6 32. Nxg6 Qxf4 33. Nxf4 h6) 32. Rc8 Be8 33. Ng4 {Precision: White = 74%, Black = 37%.} 1-0

[Event "1st Irena Warakomska Memorial"]
[Site "Suwalki"]
[Date "2017.08.13"]
[Round "3"]
[White "Bartel, Mateusz"]
[Black "Walkusz, Witoslaw"]
[Result "1-0"]
[WhiteElo "2608"]
[BlackElo "2115"]
[Annotator "TA"]
[PlyCount "33"]
[EventDate "2017.??.??"]
[EventType "swiss"]
[EventCountry "POL"]
[SourceTitle "playchess.com"]
[Source "ChessBase"]
[SourceQuality "1"]

{[%evp 12,33,41,47,51,33,41,51,103,102,88,79,82,81,185,89,93,93,57,87,99,97,503,476]} 1. d4 Nf6 2. Bg5 Ne4 3. Bf4 d5 4. e3 c5 5. Bd3 Nc6 (5... Nf6 6. c3 Qb6 7. Qc1 Nc6 8. Nd2 Bg4 9. h3 Bh5 10. Ngf3 Rc8 11. dxc5 Qxc5 12. O-O e6 13. Nd4 Be7 {0-1 (88) Andreikin,D (2743)-Amonatov,F (2614) Almaty 2016}) 6. Bxe4 {A45: Trompowsky Attack} dxe4 7. d5 {LiveBook: 32 Games} g5 8. Bxg5 {White is slightly better.} Bg7 9. Nc3 Nb4 (9... Bxc3+ $14 10. bxc3 Ne5) 10. Nge2 $16 {Strongly threatening a3.} Bg4 11. h3 $146 ({Predecessor:} 11. Qd2 Bxe2 12. Qxe2 Qa5 13. O-O Bxc3 14. bxc3 Nxd5 {1-0 (37) Silva,L (2092)-Lukachewski Junior,W (2005) Foz do Iguacu 2015}) 11... Bxe2 12. Qxe2 {And now Rd1 would win.} Qa5 {[#]} (12... Bxc3+ $16 {was called for.} 13. bxc3 Qxd5) 13. O-O (13. d6 $1 $18 {has better winning chances.}) 13... Bxc3 14. bxc3 Nxd5 15. c4 Nc3 16. Qh5 Qb4 $2 {[%mdl 8192] [#]} (16... Qb6 $16) 17. Bxe7 $1 {[%mdl 512]} 1-0

[Event "1st Irena Warakomska Memorial"]
[Site "Suwalki"]
[Date "2017.08.13"]
[Round "3"]
[White "Mastrovasilis, Dimitrios"]
[Black "Czerwonski, Aleksander"]
[Result "1-0"]
[WhiteElo "2596"]
[BlackElo "2392"]
[Annotator "TA"]
[PlyCount "75"]
[EventDate "2017.??.??"]
[EventType "swiss"]
[EventCountry "POL"]
[SourceTitle "playchess.com"]
[Source "ChessBase"]
[SourceQuality "1"]

{[%evp 28,75,2,0,17,11,38,44,36,25,34,30,63,38,41,21,25,21,22,0,14,10,56,56,61,61,95,94,103,105,120,64,136,90,91,83,77,69,83,81,95,55,60,59,195,176,192,188,1003,975]} 1. e4 e5 2. Nf3 Nc6 3. Bb5 {[%cal Bf1b5,Bb5a4,Ba4b3][%mdl 32]} a6 4. Ba4 Nf6 5. O-O Be7 6. Re1 b5 7. Bb3 d6 8. c3 O-O 9. d4 {[%cal Bd2d4,Bd4d5][%mdl 32]} Bg4 10. d5 Na5 11. Bc2 c6 12. h3 Bc8 13. dxc6 Qc7 14. Nbd2 {[%cal Bb1d2,Bd2f1,Bf1e3][%mdl 32] C91: Closed Ruy Lopez: 7...d6 8 c3 0-0 9 d4} Nxc6 (14... Qxc6 15. Nf1 Nc4 16. Ng3 Re8 17. a4 Bb7 18. Qe2 Nb6 19. axb5 axb5 20. Bg5 Qd7 21. Rad1 Bd8 22. Nf5 Nc8 23. Bxf6 Bxf6 24. Bb3 Ra6 25. Qd3 {1-0 (45) Kamsky,G (2659)-Naroditsky,D (2646) Saint Louis 2017}) 15. Nf1 {LiveBook: 3 Games} Re8 16. Bg5 {The position is equal.} h6 17. Bxf6 Bxf6 18. Ne3 Ne7 {[%cal Bc6e7,Be7g6,Bg6f4][%mdl 32]} 19. Bb3 Be6 20. Qd3 $146 ({Predecessor:} 20. Qd2 Ng6 21. Nd5 Bxd5 22. Bxd5 {1-0 (58) Polak,T (2330)-Packa,L (2210) Sala 1991}) 20... Ng6 21. Rad1 Rad8 22. Nd5 Bxd5 23. Qxd5 Nf4 24. Qd2 Rd7 25. h4 Qc8 26. g3 $36 {[%mdl 2048] White has some pressure.} Ng6 27. Qe2 Bd8 28. Nh2 Bb6 29. Qf3 (29. Qh5 $16 {And now Qxg6 would win.} Nf8 30. Ng4) 29... Qc5 (29... Rf8 $14) 30. Ng4 Qc7 31. Re2 Nf8 32. Red2 Ree7 33. Qf5 Nh7 34. Kh2 Kh8 35. Kg2 g6 ({Better is} 35... Rd8 $14) 36. Qf3 $18 Kg7 {[#]} 37. h5 $1 gxh5 $2 {[#]} (37... Rd8 38. Rh1 f5) 38. Nxh6 $1 {[%mdl 512] Precision: White = 56%, Black = 30%.} 1-0

[Event "1st Irena Warakomska Memorial"]
[Site "Suwalki"]
[Date "2017.08.13"]
[Round "3"]
[White "Czarnota, Pawel"]
[Black "Czajkowski, Adam"]
[Result "1-0"]
[WhiteElo "2577"]
[BlackElo "2223"]
[Annotator "TA"]
[PlyCount "107"]
[EventDate "2017.??.??"]
[EventType "swiss"]
[EventCountry "POL"]
[SourceTitle "playchess.com"]
[Source "ChessBase"]
[SourceQuality "1"]

{[%evp 18,107,48,64,106,101,114,99,95,87,148,133,155,119,120,120,115,110,107,69,91,64,90,63,44,7,1,-4,-18,-34,0,0,0,0,10,6,9,11,8,4,12,-44,-38,-43,-45,-40,-33,-45,-33,-33,-38,-45,-12,-12,-17,-13,-14,-24,-21,-14,-14,-14,-14,-16,-18,-9,-17,-7,17,18,92,92,99,91,104,97,135,139,392,393,417,414,465,457,597,582,570,564,535,528,523,515]} 1. e4 c5 2. Nf3 e6 3. d4 cxd4 4. Nxd4 a6 5. Bd3 Nf6 6. Qe2 d6 7. O-O g6 8. c4 Bg7 9. Nc3 O-O {B42: Sicilian: Kan Variation: 5 Bd3} 10. Rd1 {LiveBook: 30 Games} Nc6 $146 ({Find the theoretical novelty and annotate with similar games:} 10... Nfd7 11. Nf3 Nc6 12. h3 Qc7 13. Bf4 Bxc3 14. bxc3 e5 15. Bh6 Rd8 16. Nh2 Nc5 17. Bg5 Rf8 18. Bh6 Re8 19. Nf1 Qe7 20. Be3 Ne6 21. Qd2 Qf6 22. Bb6 Nf4 23. Ne3 Qg5 24. Kh2 f5 25. Bf1 fxe4 26. Qxd6 Rf8 27. Nd5 {1-0 (27) Nihal,S (2454)-Zontakh,A (2528) Voronezh 2017}) 11. Nxc6 bxc6 {[#]White is better.} 12. e5 $1 {[%cal Re5f6]} dxe5 {[#]} 13. Bxg6 $1 {[%mdl 512]} Qc7 (13... Nd7 $142 14. Bc2 f5) (13... fxg6 14. Rxd8) 14. Bc2 $16 Ne8 15. Bg5 {[%cal Bc1g5,Bg5d8,Bd8b6][%mdl 32]} f5 16. Bd8 Qf7 17. Na4 e4 18. Bb6 {Bc5 is the strong threat.} Kh8 19. f3 Qh5 20. Qf2 Rg8 21. f4 e5 22. Rd8 Bf6 23. Rd2 ({Much worse is} 23. Bd1 Qh6 $17) 23... exf4 24. Qxf4 Be6 25. Be3 Rg4 ({Don't blunder} 25... Bxc4 $2 26. Nb6 $18) 26. Bd1 Rxf4 27. Bxh5 Rh4 $132 {[%mdl 2048] Black puts up resistance} 28. Bxe8 Rxe8 29. Rf1 (29. Bd4 $11 Bg7 30. Bxg7+ Kxg7 31. Rd4) 29... Be5 $15 30. g3 f4 31. gxf4 Bh3 32. Rff2 Rg8+ 33. Kh1 Rhg4 {[%csl Gg8][%cal Rg4g1]} 34. Rfe2 Rxf4 (34... Rf8 $5 {[%cal Re5f4]} 35. Re1 Bxf4 $17) 35. Bxf4 Bxf4 36. Rc2 $1 Bg4 37. Rg2 Bf3 38. Kg1 Rd8 {( -> ...Be3+)} 39. Nc3 e3 40. Kf1 Be5 {aiming for ...Bxc3.} 41. Rge2 $1 {[%cal Re2e3]} Bd4 42. Nd1 Rf8 {Hoping for ...Be4+.} 43. Nxe3 c5 (43... Be4+ $11 {keeps the balance.} 44. Ke1 Bxc2 45. Nxc2 Bxb2) 44. Ke1 $16 a5 45. b3 {[%cal Bb2b3,Bb3a4][%mdl 32]} a4 46. bxa4 Ra8 47. Nf5 Bf6 $2 {[%mdl 8192]} (47... Bxe2 $16 48. Kxe2 (48. Rxe2 Ba1 $16) 48... Bf6) 48. Re6 $18 Bg5 49. Nd6 Kg7 50. Rf2 {White is clearly winning.} Rf8 51. Re5 Kg6 {Black hopes to continue with ...Bh4.} 52. Nf5 Bg4 {[%cal Rg4f5]} 53. Ne7+ Bxe7 54. Rxe7 {Precision: White = 70%, Black = 49%.} 1-0

[Event "1st Irena Warakomska Memorial"]
[Site "Suwalki"]
[Date "2017.08.13"]
[Round "3"]
[White "Markowski, Tomasz"]
[Black "Czerw, Dawid"]
[Result "1-0"]
[WhiteElo "2552"]
[BlackElo "2222"]
[Annotator "TA"]
[PlyCount "103"]
[EventDate "2017.??.??"]
[EventType "swiss"]
[EventCountry "POL"]
[SourceTitle "playchess.com"]
[Source "ChessBase"]
[SourceQuality "1"]

{[%evp 23,103,0,-2,-15,-18,-36,-27,-38,0,-5,1,-28,-20,-23,27,23,33,32,43,33,45,2,0,-22,-38,-23,-17,-30,20,0,0,-13,122,118,110,96,66,44,96,79,131,75,85,93,98,88,97,0,91,70,71,57,100,82,96,75,185,185,195,192,239,228,226,218,194,213,270,269,269,269,269,264,262,251,353,326,582,569,554,560,540,529]} 1. c4 c5 2. g3 Nc6 3. Bg2 g6 4. Nc3 Bg7 5. Rb1 e5 6. a3 a5 7. e3 Nge7 8. Nge2 O-O 9. d3 Rb8 10. O-O d6 11. b3 Be6 {A36: Symmetrical English vs ...g6: 4 Bg2 Bg7} 12. Nd5 b5 {LiveBook: 11 Games} 13. Nec3 b4 {The position is equal.} 14. axb4 axb4 15. Ne2 $146 ({Predecessor:} 15. Nxe7+ Nxe7 16. Ne4 h6 17. Bb2 Qc7 18. Qe2 Bd7 19. Nd2 {0-1 (30) Bogdan,D (2362)-Jovanovic,Z (2520) Hungary 2011}) 15... f5 16. Bb2 Bf7 17. f4 Nxd5 18. cxd5 Ne7 19. e4 Qb6 20. Kh1 Be8 21. fxe5 dxe5 22. Bc1 {[%cal Bb2c1,Bc1e3,Be3f2][%mdl 32]} Nc8 23. Be3 Nd6 24. Qc2 Rc8 25. Rfc1 Bb5 26. Ng1 $1 f4 27. Bf2 g5 (27... Qd8 $1 $11 {remains equal.}) 28. Bh3 $36 {[%mdl 2048] White has strong initiative.} Rc7 29. Be6+ (29. Bxc5 Qxc5 30. Qxc5 Rxc5 $17) 29... Kh8 30. g4 ({Avoid the trap} 30. Bxc5 $2 Rxc5 31. Qxc5 Qxc5 $19) 30... Ra8 ({Black should try} 30... Re8 $14) 31. Nf3 Bf6 (31... Qa6 $142 32. Rd1 h6) 32. Ne1 ({But not} 32. Bxc5 $2 Rxc5 $1 {[%mdl 512]} 33. Qxc5 Qxc5 $19) (32. Ra1 $142 Ra5 33. Rxa5 Qxa5 34. d4 $1 {[%mdl 512]} (34. Bxc5 Bxd3 35. Qxd3 Rxc5 $17)) 32... Nb7 33. Ra1 Ra6 34. Qb2 Nd6 35. Qc2 Nb7 $1 36. Ra2 Kg7 37. Rca1 Nd6 38. Rxa6 Bxa6 39. Qa2 Bc8 {[#]} (39... Bb5 $16) 40. Bxc8 $1 $18 Nxc8 41. Qa6 Be7 42. Qxb6 Nxb6 43. Ra6 Rb7 44. Nf3 Kf6 45. h4 h6 46. Kg2 Bd6 47. Ra5 Nd7 48. Ra8 Rb8 (48... Be7 $142 49. Ra6+ Kg7) 49. Ra7 Nf8 $2 (49... Nb6 {was worth a try.} 50. h5 Re8) 50. hxg5+ {White is clearly winning.} hxg5 51. Ra6 Ke7 52. Nxg5 {Precision: White = 53%, Black = 49%.} 1-0

[Event "1st Irena Warakomska Memorial"]
[Site "Suwalki"]
[Date "2017.08.13"]
[Round "3"]
[White "Warakomski, Tomasz"]
[Black "Kulon, Klaudia"]
[Result "1-0"]
[WhiteElo "2536"]
[BlackElo "2359"]
[Annotator "TA"]
[PlyCount "91"]
[EventDate "2017.??.??"]
[EventType "swiss"]
[EventCountry "POL"]
[SourceTitle "playchess.com"]
[Source "ChessBase"]
[SourceQuality "1"]

{[%evp 9,91,0,4,0,0,-2,-1,-1,16,-27,0,-16,0,-14,-19,-12,-6,0,0,0,63,46,46,47,47,43,43,42,47,27,28,25,25,29,37,38,51,16,29,27,27,0,-2,-6,64,68,65,71,48,62,283,277,298,275,289,266,289,272,275,228,305,302,292,262,605,598,713,699,744,751,744,733,1679,1643,29983,29984,29986,29987,29953,12840,29996,12839,12840,12840]} 1. e4 e5 2. Nc3 Nc6 3. g3 g6 4. Bg2 Bg7 5. Nge2 Nge7 6. Nd5 {C25: Vienna Game: Alternatives to 2...Nf6} (6. O-O O-O 7. d3 d6 8. Be3 Nd4 9. h3 c5 10. Kh2 Be6 11. f4 {½-½ (11) Stevic,H (2597)-Palac,M (2568) Porec 2016}) 6... O-O $146 ({Predecessor:} 6... Nxd5 7. exd5 Ne7 8. d4 exd4 9. d6 Nc6 10. O-O cxd6 11. Bf4 O-O 12. Bxd6 {0-1 (40) Jurkovic,H (2386)-Loncar,R (2442) Kastav 2002}) 7. c4 d6 8. d3 {The position is equal.} f5 9. Bg5 h6 (9... f4 $5 10. gxf4 h6 11. Bxe7 Nxe7 $11) 10. Be3 Nd4 11. Bxd4 exd4 12. Nef4 Kh7 13. h4 Ng8 14. exf5 gxf5 (14... Re8+ $11 15. Kf1 Bxf5) 15. Nh5 Re8+ 16. Kf1 Be5 17. Bf3 c6 18. Ndf4 Nf6 19. Nxf6+ Qxf6 20. Qd2 Bd7 21. Kg2 Rg8 22. Rae1 Rab8 23. Nh5 Qf8 24. Qa5 Re8 $1 25. Qc7 {And now Rxe5 would win.} Re7 $1 {Hoping for ...Be8.} 26. c5 $1 $132 {[%cal Rc5d6][%mdl 2048] White is fighting back} ({Don't play} 26. Qxb7 f4 $17) 26... f4 (26... Be8 $11 27. Qa5 dxc5 28. Qxc5 b6) 27. cxd6 $14 Bh3+ $1 28. Rxh3 Rxc7 29. dxc7 Bxc7 $2 {[#]} ({Better is} 29... Qd6 $1 $14) 30. Re6 $18 Bd8 31. Rh1 Kh8 32. g4 Rg7 33. Nxg7 Kxg7 34. Be4 f3+ 35. Bxf3 Qf7 36. Re4 Qxa2 $2 {[#]} (36... a5 37. g5 Qd7 38. gxh6+ Kxh6) 37. Rxd4 Bb6 38. Rd7+ Kf6 39. Re1 Qxb2 40. Re2 Qc3 41. Rd6+ Kf7 42. g5 hxg5 43. Bh5+ Kg7 44. Re7+ Kf8 45. Re8+ (45. Rdd7 $142 Qe1 46. Rxe1 Be3 47. Rxe3 gxh4 48. Re8#) 45... Kg7 46. hxg5 {Precision: White = 80%, Black = 51%.} 1-0

[Event "1st Irena Warakomska Memorial"]
[Site "Suwalki"]
[Date "2017.08.13"]
[Round "3"]
[White "Kanarek, Marcel"]
[Black "Jarmula, Lukasz"]
[Result "1/2-1/2"]
[WhiteElo "2530"]
[BlackElo "2457"]
[Annotator "TA"]
[PlyCount "82"]
[EventDate "2017.??.??"]
[EventType "swiss"]
[EventCountry "POL"]
[SourceTitle "playchess.com"]
[Source "ChessBase"]
[SourceQuality "1"]

{[%evp 19,82,0,0,0,29,20,28,25,31,18,20,23,29,31,34,28,28,17,28,27,45,25,25,29,31,31,52,14,26,0,0,0,0,0,0,0,0,0,50,33,39,33,33,33,33,34,33,3,3,7,9,0,10,6,20,15,14,0,0,0,0,0,0,0,20]} 1. e4 e6 2. d4 d5 3. Nc3 Bb4 4. exd5 exd5 5. Bd3 Nf6 6. Nge2 O-O 7. O-O c6 8. h3 {C01: French: Exchange Variation} (8. Bg5 h6 9. Bh4 Re8 10. f3 Nbd7 11. Qd2 Nf8 12. Rae1 Bd7 13. a3 Be7 14. Bf2 Ng6 15. Bg3 Nh5 16. Bxg6 fxg6 {½-½ (45) Anand,V (2770)-Caruana,F (2807) Saint Louis 2016}) 8... Re8 9. Ng3 Nbd7 {[%cal Bb8d7,Bd7f8,Bf8e6,Be6g5][%mdl 32]} 10. Qf3 Nf8 {LiveBook: 8 Games} 11. Nce2 g6 12. c3 Be7 13. Bh6 $146 ({Find the theoretical novelty and annotate with similar games:} 13. Nf4 Ne6 14. Nxe6 Bxe6 15. Bg5 Nd7 16. Bxe7 Qxe7 {½-½ (70) Talukdar,R (2051)-Sohal,T (2334) Windsor 2016}) 13... Ne6 14. Rae1 Bf8 15. Bxf8 Rxf8 16. Nf4 Ng5 17. Qd1 Re8 18. Rxe8+ Qxe8 19. Re1 Qf8 20. h4 Ne6 21. Nxe6 Bxe6 22. Qf3 Nd7 23. h5 Qh6 24. Re3 Kg7 25. Ne2 Nf6 26. Nf4 Bg4 27. Qg3 g5 ({Don't play} 27... Nxh5 $6 28. Nxh5+ Bxh5 29. Qc7 $16) 28. Ne2 Qxh5 29. f3 {[#] aiming for Re7.} Bd7 30. Re5 h6 31. Nf4 Qh4 32. Qxh4 gxh4 33. Nh5+ Nxh5 {The position is equal.} 34. Rxh5 $11 {[%mdl 4096] Endgame KRB-KRB} h3 35. g4 Rh8 36. Kf2 f6 37. Rxh3 Be8 38. Kg3 Bg6 39. Bxg6 Kxg6 40. Rh5 Re8 41. Kf2 b5 {Precision: White = 55%, Black = 69%.} 1/2-1/2

[Event "1st Irena Warakomska Memorial"]
[Site "Suwalki"]
[Date "2017.08.13"]
[Round "3"]
[White "Ulybin, Mikhail"]
[Black "Koziol, Kamil"]
[Result "1/2-1/2"]
[WhiteElo "2518"]
[BlackElo "2321"]
[Annotator "TA"]
[PlyCount "107"]
[EventDate "2017.??.??"]
[EventType "swiss"]
[EventCountry "POL"]
[SourceTitle "playchess.com"]
[Source "ChessBase"]
[SourceQuality "1"]

{[%evp 14,107,0,-5,0,-21,-29,-15,79,75,133,44,53,53,57,58,52,52,97,67,114,76,120,45,33,49,60,55,114,117,117,114,115,104,103,102,83,65,70,49,58,53,50,50,70,83,116,33,51,43,54,20,87,79,168,162,168,20,13,25,10,9,120,36,36,36,36,36,36,36,36,0,0,0,0,0,0,0,0,0,0,0,36,36,36,36,36,36,36,36,36,36,36,36,36,36]} 1. d4 Nf6 2. c4 e6 3. g3 c5 4. Nf3 cxd4 5. Nxd4 Qc7 6. b3 e5 {A32: Symmetrical English: 2 Nf3 Nf6 3 d4 cxd4 4 Nxd4 e6} (6... Bb4+ 7. Bd2 Bc5 8. e3 Nc6 9. Bc3 d5 10. Nxc6 bxc6 11. Bg2 Be7 12. O-O O-O 13. Nd2 a5 14. Rc1 {½-½ (52) Vallejo Pons,F (2711)-Zhigalko,S (2671) Doha 2016}) 7. Nf3 d5 8. cxd5 {LiveBook: 3 Games} Bf5 {Strongly threatening ...Bc2.The position is equal.} 9. Bd2 $146 {White wants to play Nc3.} (9. e4 $5 Bxe4 10. Bb5+ Nbd7 11. O-O $11) ({Find the theoretical novelty and annotate with similar games:} 9. Bb2 Bxb1 10. Qxb1 Bb4+ 11. Nd2 Bxd2+ 12. Kxd2 Qa5+ 13. Kc1 O-O 14. Bg2 Rc8+ 15. Kd1 Nxd5 16. b4 Nxb4 17. Bxb7 Rc2 18. Bc3 Qb5 19. Bf3 N8c6 20. Qb3 e4 {0-1 (20) Minko,V (2438)-Rozum,I (2606) Minsk 2017}) 9... Nxd5 10. Bg2 Nb4 (10... Nc6 $11) 11. O-O $16 Nc2 (11... Nd7 $142) 12. Nh4 (12. Nc3 $1 $16 {Hoping for Rc1.} Nxa1 13. Nd5) 12... Bd7 13. Bxb7 Qxb7 14. Qxc2 Bh3 15. Rc1 Bd6 16. Nc3 {[%cal Bb1c3,Bc3e4,Be4g5][%mdl 32] And now Qd3 would win.} Ba3 17. Rd1 $36 {[%mdl 2048] White has strong initiative.} O-O 18. Qe4 (18. Bc1 $1 $16 {[%cal Rc1a3]} Bc5 19. Nd5) 18... Qxe4 $14 19. Nxe4 Nc6 20. Bc1 Bxc1 (20... Be7 $14) 21. Raxc1 $16 ({Reject} 21. Rdxc1 $6 Nd4 $11) 21... Nd4 22. Rd2 $1 Rac8 23. Rcd1 f5 24. Ng5 $1 {[%cal Rg5h3]} Bg4 25. f3 Bh5 {...h6 would now be nice for Black.} 26. Kf2 h6 27. Nh3 $1 g5 28. Ng2 $1 g4 29. Ng1 gxf3 30. Nxf3 (30. exf3 $16 Rc3 31. Nh4) 30... Nxf3 $14 31. exf3 e4 32. Nh4 Rc3 (32... Bxf3 $11 33. Nxf3 Rc3) 33. Re1 $16 Bxf3 {[#]} (33... Rfc8 $16) 34. Re3 $1 $18 {[%cal Re3c3]} Rfc8 35. Nxf3 ({White must play} 35. Rxc3 $18 Rxc3 36. Nxf5) 35... Rxe3 $11 36. Kxe3 $18 {[%mdl 4096] Endgame KRN-KR} Rc3+ 37. Ke2 exf3+ $11 {[#] KR-KR} (37... Rxf3 $11 38. Rd7 a6) 38. Kf2 ({White should play} 38. Kd1 $1 $16) 38... a5 $14 39. h4 Kg7 40. Rd5 Rc2+ 41. Kxf3 Rxa2 42. Rd7+ Kf6 43. Rd6+ Kg7 44. Ra6 Ra3 45. Kf4 Rxb3 46. Rxa5 Kg6 47. Ra6+ Kg7 48. h5 {White is slightly better.} Rb4+ 49. Kxf5 Rb5+ 50. Kg4 Rb4+ 51. Kh3 Rb5 52. Kh4 Rb4+ 53. g4 Rb3 54. Rg6+ {Precision: White = 49%, Black = 47%.} 1/2-1/2

[Event "1st Irena Warakomska Memorial"]
[Site "Suwalki"]
[Date "2017.08.13"]
[Round "3"]
[White "Vetoshko, Volodymyr"]
[Black "Almasi, Istvan"]
[Result "1-0"]
[WhiteElo "2517"]
[BlackElo "2408"]
[Annotator "TA"]
[PlyCount "155"]
[EventDate "2017.??.??"]
[EventType "swiss"]
[EventCountry "POL"]
[SourceTitle "playchess.com"]
[Source "ChessBase"]
[SourceQuality "1"]

{[%evp 18,155,38,21,47,53,58,62,64,54,88,64,65,62,76,37,30,33,31,56,44,48,29,43,67,26,54,27,33,22,31,19,33,19,19,19,51,48,55,56,57,95,80,48,48,18,72,39,36,16,18,16,16,19,36,20,16,0,0,0,15,8,8,8,20,20,20,20,20,20,20,20,53,53,53,53,53,31,53,53,53,53,53,53,53,8,20,8,20,20,20,20,20,20,20,8,20,12,20,20,20,20,20,20,20,20,20,20,20,20,20,8,384,8,8,8,8,8,8,8,20,8,20,8,20,20,20,20,20,20,46,46,46,46,46,46,384,354,354,326]} 1. e4 g6 2. d4 Bg7 3. Nf3 d6 4. Bc4 Nf6 {[%cal Bg8f6,Bf6d5,Bd5b6][%mdl 32]} 5. Qe2 O-O 6. e5 dxe5 7. dxe5 Nd5 8. O-O Bg4 {B06: Modern Defence} 9. Nbd2 Nb6 10. Bd3 {LiveBook: 4 Games} N8d7 $146 {The position is equal.} ({Predecessor:} 10... Nc6 11. Qe3 Nd5 12. Qg5 Qd7 13. h3 Bf5 14. Bxf5 Qxf5 15. Qxf5 gxf5 16. Nc4 {½-½ (41) Brynell,S (2450)-Petrov,M (2475) Sweden 2016}) 11. h3 Be6 12. c4 Nc5 13. Bc2 a5 14. Rd1 Qc8 15. b3 Bf5 16. Ne4 Bxe4 17. Bxe4 a4 18. Ba3 Nxe4 19. Qxe4 axb3 20. axb3 c5 21. Bb2 Qc7 22. Bc3 Rxa1 23. Rxa1 Nc8 24. h4 e6 25. h5 Ne7 26. hxg6 hxg6 27. b4 cxb4 28. Bxb4 Rc8 29. Bd6 Qc6 30. Qxc6 (30. Qe2 {is interesting.} Nf5 31. c5 Rd8 32. g4 Nxd6 33. cxd6 Rb8 34. Rd1) 30... Nxc6 31. Rb1 f6 (31... Nd8 $11 {keeps the balance.}) 32. c5 Nxe5 33. Nd4 Bf8 34. Bxf8 Kxf8 35. Rxb7 $11 {[%mdl 4096] Endgame KRN-KRN} Ke8 36. Nxe6 (36. f4 $5 {[%cal Rf4e5]} Nc4 37. Nxe6 $14) 36... Nd3 37. Ng7+ Kf8 38. Ne6+ Ke8 39. Rc7 Rxc7 40. Nxc7+ {KN-KN} Kd7 41. Nd5 Nxc5 42. Nxf6+ Ke6 43. Ng4 Kf5 44. Ne3+ Kf4 45. Kf1 Ne4 46. Nd5+ Ke5 47. Nb4 g5 48. Ke2 g4 49. Ke3 Nc3 50. Nd3+ Kf5 $1 51. Nc1 Nd5+ 52. Ke2 Nf4+ (52... g3 $5) 53. Kf1 Ke4 54. Ne2 {Strongly threatening Nxf4.} Nd5 55. Kg1 Nf6 56. Kh2 Kf5 57. Nc3 Kf4 58. Kg1 Ke5 59. Kf1 Kd4 60. Nb5+ Kc4 61. Nd6+ Kd5 62. Nf5 Ke4 63. Nh6 Kf4 64. Ke2 Ne4 $2 {[%mdl 8192] [#]} (64... g3 $11) 65. Nf7 $2 (65. Nxg4 $1 $18 {And now Ne3 would win.} Kxg4 66. g3) 65... Nc3+ 66. Ke1 Ne4 67. Nd8 Nc3 68. Nc6 Ke4 69. Nb4 Kf4 (69... g3 $5) 70. Nc2 Ne4 71. Nd4 Ke5 72. Ne2 Kf5 73. g3 Ng5 74. Nc3 Ke5 75. Ke2 Kd4 76. Nb5+ Ke4 $2 {[%mdl 8192] [#]} ({Black should try} 76... Ke5 $14) 77. Nd6+ $1 $18 Ke5 78. Nc4+ {Precision: White = 46%, Black = 54%.} 1-0